Medzinárodné účtovníctvo
Salvato in:
| Autore principale: | |
|---|---|
| Altri autori: | |
| Natura: | Libro |
| Lingua: | slovacco |
| Pubblicazione: |
Banská Bystrica
Univerzita Mateja Bela, Ekonomická fakulta v Banskej Bystrici
2007
|
| Soggetti: | |
| Tags: |
Nessun Tag, puoi essere il primo ad aggiungerne!!
|
MARC
| LEADER | 00000nam$a2200000$$$4500 | ||
|---|---|---|---|
| 001 | 0075076 | ||
| 005 | 20240314093110.0 | ||
| 020 | |a 978-80-8083-438-8 | ||
| 041 | 0 | |a slo | |
| 044 | |a SK | ||
| 245 | 1 | 0 | |a Medzinárodné účtovníctvo |c Zuzana Šuranová - Miroslav Škoda |
| 264 | 1 | |a Banská Bystrica |b Univerzita Mateja Bela, Ekonomická fakulta v Banskej Bystrici |c 2007 | |
| 300 | |a 197 s. | ||
| 610 | 2 | 0 | |a účtovníctvo medzinárodné |
| 610 | 2 | 0 | |a regulácia |
| 610 | 2 | 0 | |a klasifikácia |
| 610 | 2 | 0 | |a účtovníctvo národné |
| 610 | 2 | 0 | |a systémy účtovné |
| 610 | 2 | 0 | |a internacionalizácia |
| 610 | 2 | 0 | |a štandardizácia |
| 610 | 2 | 0 | |a predpisy |
| 610 | 2 | 0 | |a harmonizácia |
| 610 | 2 | 0 | |a Európska únia |
| 610 | 2 | 0 | |a IAS/IFRS |
| 100 | 1 | |a Šuranová, Zuzana | |
| 700 | 1 | |a Škoda, Miroslav | |